| 000 | 00870nam a22002537a 4500 | ||
|---|---|---|---|
| 999 |
_c14746 _d14746 |
||
| 003 | AR-CdUCM | ||
| 008 | 190424b ||||| |||| 00| 0 spad | ||
| 020 | _a978-607-618-862-0 | ||
| 040 |
_aMUNICIPALIDAD PROVINCIAL DEL CUSCO _cBIBLIOTECA MUNICIPAL DEL CUSCO |
||
| 082 |
_aPI / 803.08 / _bP51 |
||
| 110 |
_aPhidal publishing _932928 |
||
| 245 | _aEl cumpleaños de Anna / | ||
| 260 |
_aMéxico : _bAdvanced marketing, _c2017. |
||
| 300 |
_a8 paginas ; _bIlustraciones, _c15 cm. |
||
| 500 | _aTitulo original : La reine des neiges. | ||
| 650 |
_aFrozen _933588 |
||
| 650 |
_aAvenruturas con Olaf _933589 |
||
| 650 |
_aCuentos divertidos para niños (as) _933590 |
||
| 650 |
_aAventuras de Elsa _933618 |
||
| 650 |
_aCumpleaños de Anna _933626 |
||
| 700 |
_aCaballero del Moral, Samantha (Traducción) _933101 |
||
| 942 |
_2ddc _cLIBROS |
||
| 945 |
_awnts _d2019-04-24 |
||